Champions des F1 Esports Series - Statistiques

Statistiques générales
  • Ce quiz a été pris 6 fois
  • Le résultat moyen est 6 sur 8
Statistiques - réponses
Année Ecurie Champion % Correct
2020 Alfa Romeo Jarno Opmeer
100%
2021 Mercedes Jarno Opmeer
100%
2025 Red Bull Jarno Opmeer
100%
2017 Pas d'écurie Brendon Leigh
67%
2018 Mercedes Brendon Leigh
67%
2023-24 Red Bull Frederik Rasmussen
67%
2019 Ferrari David Tonizza
33%
2022 McLaren Lucas Blakeley
33%
Aucun quiz correspondant
Distribution des résultats
% des personnes avec chaque résultat
Percentile par nombre de réponses
Votre historique - résultats
Vous n’avez pas pris ce quiz